Criminal Procedure

Bibliographic Details
Main Author: Coughlan, Stephen
Format: eBook
Language:English
Published: Toronto: Irwin Law Inc., 2008
Subjects:
Online Access:Acceso restringido

MARC

LEADER 00000nam a22000007a 4500
005 20210902131942.0
007 cr|||| ||||
008 210902s2008 ca |||||s|||| 00||0 eng d
020 |a 9781459336315 
035 |a 35350 
040 |a vLex 
090 |c 12210  |d 12210 
100 1 |a Coughlan, Stephen 
245 1 0 |a Criminal Procedure  |h [Recurso electrn̤ico] /  |c Stephen Coughlan 
256 |a Servicio en ln̕ea 
260 |a Toronto:  |b Irwin Law Inc.,  |c 2008 
300 |a 1 recurso electrn̤ico 
506 1 |a Disponible solo en los productos indicados  |d vLex Global  |d vLex Global (Academic Edition, excluding Law Schools)  |d vLex Global (U.S. Academic Edition, Law Schools)  |d vLex Global (U.S. Academic Edition, excluding Law Schools)  |d vLex Global (Academic Edition, Law Schools) 
650 0 4 |a Derecho Penal  |z Canad̀ 
740 0 |a vLex Libros (Servicio en ln̕ea) 
856 4 0 |u https://app.vlex.com/#/sources/35350  |z Acceso restringido 
942 |c BOOK 
999 0 |a Criminal law